Najdroższe ulice handlowe w Polsce - Statystyki

Ogólne statystyki
  • Ten quiz został rozwiązany 72 razy
  • Średni wynik to 3 z 11
Statystyki odpowiedzi
L. p. Ulica Miasto Średni czynsz % Poprawnych
3 Marszałkowska Warszawa 804
56%
1 Nowy Świat Warszawa 960
47%
2 Floriańska Kraków 900
34%
6 Rynek Kraków 600
29%
5 Chmielna Warszawa 600
26%
9 Al. Jerozolimskie Warszawa 480
24%
8 3 Maja Katowice 540
16%
7 Półwiejska Poznań 600
16%
10 Świdnicka Wrocław 480
16%
10 Stawowa Katowice 480
10%
4 Pl. Trzech Krzyży Warszawa 720
4%
Nie znaleziono quizów pasujących do podanych kryteriów
Rozkład punktacji
Procent ludzi z każdym wynikiem
Percentyl według liczby udzielonych odpowiedzi
Twoja historia wyników
Nie rozwiązałeś tego quizu